01148nam a22002897a 4500999001700000003000900017005001700026008004100043020001500084040004300099082002100142100004800163245014500211250002300356264006900379300002300448336002600471337002800497338002700525500002300552504005100575650004600626653001900672655002400691942001200715952013100727 c28593d28564EG-ScBUE20200825111916.0200219s1999 ii f bd 001 0 eng d a0074517252 aEG-ScBUEbengerdacEG-ScBUEdEG-ScBUE04a681.761bKHA2221 aKhandpur, Raghbir Singh,‏d1942-eauthor.10aHandbook of biomedical instrumentation /cR.S. Khandpur., director, Centre foe Electronics Design and Technology, SAS Nagar, Mohali, Punjab. aReprinted edition. 1aNew Delhi :bTata McGraw-Hill Publishing Company Limited,c1999. a702 pages ;c26 cm atext2rdacontentbtxt aunmediated2rdamediabn avolume2rdacarrierbnc aIncludes glossary. aIncludes bibliographical references and index. 7aMedical instruments and apparatus.2BUEsh bGGENcJuly2020 vReading book934232 2ddccBB 00102ddc40708BaccahaMAINbMAINc1STd2020-08-25ePurchasel0o681.761 KHAp000049488r2025-07-15 00:00:00w2020-08-25yBB